书目信息 |
| 题名: |
体育统计方法
|
|
| 作者: | 丛湖平 主编 | |
| 分册: | ||
| 出版信息: | 北京 高等教育出版社 2001 |
|
| 页数: | 174页 | |
| 开本: | 19cm | |
| 丛书名: | ||
| 单 册: | ||
| 中图分类: | G80-32 | |
| 科图分类: | ||
| 主题词: | 体育统计--方法 | |
| 电子资源: | ||
| ISBN: | 7-04-009450-9 | |
| 000 | 00749nam0 2200253 45 | |
| 001 | 0181009240 | |
| 005 | 20070714101420.09 | |
| 010 | @a7-04-009450-9@dCNY6.20 | |
| 100 | @a19950424d2001 emky0chiy0121 ea | |
| 101 | 0 | @achi |
| 102 | @aCN@b110000 | |
| 102 | @aCN@b110000 | |
| 105 | @ay 000yy | |
| 200 | 10 | @a体育统计方法@Ati yu tong ji fang fa@f丛湖平主编@Fcong hu ping zhu bian |
| 210 | @a北京@c高等教育出版社@d2001 | |
| 215 | @a174页@d19cm | |
| 300 | @a教育部师范教育司组织编写 专升本 | |
| 300 | @a中学教师进修高等师范本科(专科起点)教材 | |
| 606 | @a体育统计@x方法 | |
| 690 | @aG80-32@v3 | |
| 701 | 0 | @a丛湖平@Acong hu ping@4主编 |
| 801 | 2 | @aCN@bNLC@c20070714 |
| 801 | 0 | @aCN@b上海图书馆@c20040430 |
| 905 | @f1@b74401@dG80-32@e282 | |
| 体育统计方法/丛湖平主编.-北京:高等教育出版社,2001 |
| 174页;19cm |
| 教育部师范教育司组织编写 专升本.-中学教师进修高等师范本科(专科起点)教材 |
| ISBN 7-04-009450-9:CNY6.20 |
| ● |
| 相关链接 |
|
|
|
|
正题名:体育统计方法
索取号:G80-32/282
 
预约/预借
| 序号 | 登录号 | 条形码 | 馆藏地/架位号 | 状态 | 备注 |
| 1 | 0768666 | 207686663 | 第一样本阅览室/ [索取号:G80-32/282] | 在馆 |